Witnesses for me: (Record no. 5737)

MARC details
000 -LEADER
fixed length control field 00647nam a22002057a 4500
003 - CONTROL NUMBER IDENTIFIER
control field GBCCL
005 - DATE AND TIME OF LATEST TRANSACTION
control field 20241126110549.0
008 - FIXED-LENGTH DATA ELEMENTS--GENERAL INFORMATION
fixed length control field 180405b ||||| |||| 00| 0 eng d
040 ## - CATALOGING SOURCE
Transcribing agency gbc
082 ## - DEWEY DECIMAL CLASSIFICATION NUMBER
Classification number 267.61
Item number UES
110 ## - MAIN ENTRY--CORPORATE NAME
Corporate name or jurisdiction name as entry element Union of Evangelical Students of India
9 (RLIN) 10361
245 ## - TITLE STATEMENT
Title Witnesses for me:
Remainder of title A manual for Evangelical Unions
250 ## - EDITION STATEMENT
Edition statement 3rd Ed.
260 ## - PUBLICATION, DISTRIBUTION, ETC.
Place of publication, distribution, etc. Madras:
Name of publisher, distributor, etc. Union of Evangelical Students of India,
Date of publication, distribution, etc. 1990
300 ## - PHYSICAL DESCRIPTION
Extent 108 p.;
Other physical details ill.,
Dimensions 21 cm.
650 ## - SUBJECT ADDED ENTRY--TOPICAL TERM
Topical term or geographic name entry element Union of Evangelical Students
Geographic subdivision India
9 (RLIN) 10362
650 ## - SUBJECT ADDED ENTRY--TOPICAL TERM
Topical term or geographic name entry element Evangelicalism
Geographic subdivision India
9 (RLIN) 1956
650 ## - SUBJECT ADDED ENTRY--TOPICAL TERM
Topical term or geographic name entry element Students
Form subdivision Religious life
Geographic subdivision India
9 (RLIN) 10363
942 ## - ADDED ENTRY ELEMENTS (KOHA)
Source of classification or shelving scheme Dewey Decimal Classification
Koha item type Books
Holdings
Withdrawn status Lost status Source of classification or shelving scheme Damaged status Not for loan Home library Current Library Shelving location Date acquired Total checkouts Full call number Barcode Date last seen Copy number Price effective from Koha item type
    Dewey Decimal Classification     GRACE BIBLE COLLEGE GRACE BIBLE COLLEGE Ministry & Mission 2018-04-05   267.61 UES 004999 2025-05-01 c.1 2018-04-05 Books
© Grace Bible College Library 2025